| 000 | 00809nam a2200313 a 4500 | ||
|---|---|---|---|
| 005 | 20210219152910.0 | ||
| 008 | 991125n 000 0 eng u | ||
| 035 | _aUPN01000066232 | ||
| 100 | _aPerry, Gail | ||
| 222 | _aYOUNG CHILDREN | ||
| 245 | _aBook reviews | ||
| 300 | _a86-87 | ||
| 362 | _a1993 48, No. 4 | ||
| 505 | _aNoviembre 1993 | ||
| 505 | _aSeptiembre 1993 | ||
| 653 | 0 | _aCALIDAD EDUCATIVA | |
| 653 | 0 | _aCONDUCTA ANTISOCIAL | |
| 653 | 0 | _aCUIDADO DIARIO | |
| 653 | 0 | _aEDUCACION SANITARIA | |
| 653 | 0 | _aESCUELAS PUBLICAS | |
| 653 | 0 | _aJUEGO | |
| 653 | 0 | _a7. METODO MONTESSORI | |
| 653 | 0 | _a8. SEGURIDAD EN EDUCACION | |
| 653 | 0 | _a9. SOCIALIZACION | |
| 653 | 0 | _a10. TENDENCIAS EDUCTIVAS | |
| 653 | 0 | _a11. USO DE LA POLITICA | |
| 904 |
_aAC _b004043 |
||
| 905 | _aArticulo | ||
| 999 |
_c63377 _d63377 |
||